000 00335nam a2200133Ia 4500
008 200103s9999||||xx |||||||||||||| ||und||
040 _aIMU-MPC
082 _aColumn-61
100 _aLewis, C. Tyrrell
245 0 _aTeach yourself Sailing
260 _bVora & Co., Publishers, Pvt. Ltd., Bombay
_c1952
300 _a178
942 _cBK
999 _c11046
_d11046